Statystyki dla Największe aglomeracje w Szwecji

Kliknij tutaj aby rozwiązać quiz!

Ogólne statystyki

  • Ten quiz został rozwiązany 61 razy
  • Średni wynik to 6 z 20

Statystyki odpowiedzi

MiejsceMieszkańcyNazwa% Poprawnych
1.1 605 030Aglomeracja Sztokholmska
100%
3.321 845Aglomeracja Malmijska
95%
2.600 473Aglomeracja Göteborska
90%
4.164 535Aglomeracja Uppsalska
43%
11.97 979Aglomeracja Norrköping
33%
9.112 496Aglomeracja Helsingborska
31%
10.99 373Aglomeracja Jönköping
31%
8.114 582Aglomeracja Linköping
29%
7.125 817Aglomeracja Örebro
29%
6.127 799Aglomeracja Västerås
22%
13.89 607Aglomeracja Umeå
21%
20.65 273Aglomeracja Karlstad
19%
12.93 577Aglomeracja Lund
19%
19.70 480Aglomeracja Halmstad
16%
18.70 489Aglomeracja Växjö
14%
16.73 649Aglomeracja Borås
12%
14.77 699Aglomeracja Gävle
12%
15.75 068Aglomeracja Södertälje
10%
17.70 729Aglomeracja Eskilstuna
7%
5.149 088Aglomeracja Upplands Väsby
2%

Rozkład punktacji

Percentyl według liczby udzielonych odpowiedzi

Procent ludzi z każdym wynikiem

Twoja historia wyników

Nie rozwiązałeś tego quizu